| 000 | 01475 a2200253 4500 | ||
|---|---|---|---|
| 001 | 45039 | ||
| 005 | 20260407155725.0 | ||
| 008 | 260407a2006 arg spa d | ||
| 003 | AR-UNSa-BCEJYS | ||
| 040 |
_aAR-UNSa-BCEJYS _bspa _cAR-UNSa-BCEJYS |
||
| 080 |
_a331.2 _xSalarios. Sueldos. Remuneraciones |
||
| 245 | 1 | 0 |
_a¿Para qué sirve el salario mínimo? _pelementos para su determinación en los países del Cono Sur |
| 020 | _a978-92-2-318635-7 | ||
| 250 | _a2a. ed. | ||
| 264 | 1 |
_aSantiago : _bOIT _c2006 |
|
| 300 |
_a309 p. _c23 cm. |
||
| 505 | _a1. Desempolvando el salario mínimo : Reflexiones a partir de la experiencia en el Cono Sur / Andrés Marinakis – 2. Argentina : La recuperación del salario mínimo como herramienta de política de ingresos / Daniel Kostzer – 3. Brasil : La institucionalidad del salario mínimo / Marcelo Neri y Rodrigo Maura – 4. Chile : Las lecciones de la aplicación reciente del salario mínimo / Andrés Marinakis y Juan Jacobo Velasco – 5. Paraguay : Evolución reciente y propuestas para una modernización del salario mínimo / Andrés Marinakis y Juan Jacobo Velasco – 6. Uruguay : Impuesto social y economía del salario mínimo / Magdalena Furtado. | ||
| 041 | _aspa | ||
| 942 | _cBK | ||
| 590 | _aniveau_biblio:m niveau_hierar:0 | ||
| 100 | 1 | _aVelasco, Juan Jacobo | |
| 700 | 1 | _aMarinakis, Andrés | |
| 856 | 4 | 1 |
_uhttps://www.biblioeco.unsa.edu.ar/pmb/images/libros/L127063.jpg _yImagen de portada _qimage/jpeg |
| 999 |
_c3890 _d3890 |
||